00454nam a22001337a 4500003000400000020001800004082001400022100002000036245002600056260006200082300000900144650001700153653015000170SGT a9788182963306 a658, GOY  aGOYAL, RAJESH  aBUSINESS MANAGEMENT  aNEW DELHI bDONATE BY DR. SINGH PVC SGT UNIVERSITY c2010 aV.P. aMANAGEMENT  a(STAFFING) (ONLY FOR M.D.U,), (RECRUITMENT), (SELECTION AND TRAINING), (MOTIVATION), (LEADERSHIP), (COMMUNICATION), (CONTROL: NATURE AND PROCESS)